<?xml version="1.0" encoding="UTF-8"?>
<record
    xmlns:xsi="http://www.w3.org/2001/XMLSchema-instance"
    xsi:schemaLocation="http://www.loc.gov/MARC21/slim http://www.loc.gov/standards/marcxml/schema/MARC21slim.xsd"
    xmlns="http://www.loc.gov/MARC21/slim">

  <leader>01340nam a2200157 a 4500</leader>
  <controlfield tag="001">5774</controlfield>
  <controlfield tag="003">CDMR</controlfield>
  <controlfield tag="005">20130918134226.0</controlfield>
  <controlfield tag="008">130130d19232010||||||||||||||||||0|||||d</controlfield>
  <datafield tag="040" ind1=" " ind2=" ">
    <subfield code="a">CDMR</subfield>
    <subfield code="b">cat</subfield>
    <subfield code="c">CDMR</subfield>
  </datafield>
  <datafield tag="245" ind1=" " ind2="0">
    <subfield code="a">Enciclopedia Universal Ilustrada Europeo-Americana</subfield>
  </datafield>
  <datafield tag="260" ind1=" " ind2=" ">
    <subfield code="a">Bilbao [etc.]</subfield>
    <subfield code="b">Espasa-Calpe</subfield>
    <subfield code="c">[1923-2010]</subfield>
  </datafield>
  <datafield tag="300" ind1=" " ind2=" ">
    <subfield code="a">123 v.</subfield>
    <subfield code="b">il.</subfield>
  </datafield>
  <datafield tag="505" ind1=" " ind2=" ">
    <subfield code="a">Cont&#xE9;: Vol. 1 (A-ACD) - 70 (WEG-Z) ; Ap&#xE9;ndice 1-10 ; Ap&#xE9;ndice A-Z ; Index 1934-1996 ; Index Suplementos 1934-80 ; Suplemento 1934 ; Suplemento 1935 ; Suplemento 1936-39 (1&#xAA; parte) ; Suplemento 1936-39 (2&#xAA; parte) ; Suplemento 1940-41 ; Suplemento 1942-44 ; Suplemento 1945-48 ; Suplemento 1949-52 ; Suplemento 1953-54 ; Suplemento 1955-56 ; Suplemento 1957-58 ; Suplemento 1959-60 ; Suplemento 1961-62 ; Suplemento 1963-64 ; Suplemento 1965-66 ; Suplemento 1967-68 ; Suplemento 1969-70 ; Suplemento 1971-72 ; Suplemento 1973-74 ; Suplemento 1975-76 ; Suplemento 1977-78 ; Suplemento 1979-80 ; Suplemento 1981-82 ; Suplemento 1983-84 ; Suplemento 1985-86 ; Suplemento 1987-88 ; Suplemento 1989-90 ; Suplemento 1991-92 ; Suplemento 1993-94 ; Suplemento 1995-96 ; Suplemento 1997-98 ; Suplemento 1999-2000 ; Suplemento 2001-2002 ; Suplemento 2003-2004 ; Suplemento 2005-2006 ; Suplemento 2007-2008 ; Suplemento 2009-2010 ; El siglo de la Espasa</subfield>
  </datafield>
  <datafield tag="942" ind1=" " ind2=" ">
    <subfield code="c">REF</subfield>
    <subfield code="2">udc</subfield>
  </datafield>
  <datafield tag="999" ind1=" " ind2=" ">
    <subfield code="c">5774</subfield>
    <subfield code="d">5774</subfield>
  </datafield>
  <datafield tag="952" ind1=" " ind2=" ">
    <subfield code="0">0</subfield>
    <subfield code="1">0</subfield>
    <subfield code="4">0</subfield>
    <subfield code="7">0</subfield>
    <subfield code="8">REF</subfield>
    <subfield code="a">CDMR</subfield>
    <subfield code="b">CDMR</subfield>
    <subfield code="d">2013-01-16</subfield>
    <subfield code="l">0</subfield>
    <subfield code="o">Aa</subfield>
    <subfield code="p">CDMR13097047</subfield>
    <subfield code="r">2013-01-16</subfield>
    <subfield code="w">2013-01-16</subfield>
    <subfield code="y">REF</subfield>
  </datafield>
</record>
